Word Ladder: Forces of Flight Quiz Stats

Quiz Updated May 7, 2016

Challenge
Share
Tweet
Embed
Score 0/26 Timer 03:00
0 Plays Today
Clue 4-Letter Word % Correct
Calculus, trig, or geometry, e.g.MATH
98.9%
Home goods store: Bed ____ & BeyondBATH
98.7%
● Night flyers (vampire, fruit, or little brown, e.g.) ●● BATS ●
98.2%
Temporarily giveLEND
98.2%
Paperback or hardcover, e.g.BOOK
97.9%
Period leading up to EasterLENT
97.8%
Tree's 'skin'BARK
97.7%
● To complete a plane flight ●● LAND ●
97.4%
Financial institutionBANK
97.4%
Lingerie garmentsBRAS
97.1%
Sheep callsBAAS
97%
To hit on the headBONK
96.4%
Unwanted belly button fuzzLINT
96.2%
Clue 4-Letter Word % Correct
● Supersonic shock wave: sonic ____● BOOM ●
95.8%
'Game over' move in chessMATE
95.7%
Shakespeare: ____ of AvonBARD
94.9%
Underground plant organROOT
94.8%
Traffic divisionLANE
94.6%
● Fly like a ____● BIRD ●
94.5%
What the White Rabbit fears beingLATE
93.2%
2015 Brie Larson filmROOM
91.8%
Toot one's own hornBRAG
91.3%
Metal band: Quiet ____RIOT
84.1%
● Boring flight-related force? ●● DRAG ●
81.9%
● Upward flight-related force ●● LIFT ●
77.5%
VR gaming system: Oculus ____RIFT
73.1%

Today's Daily Dose

Missing Word
Law Misconceptions

Word Ladder
Easy Math

On This Day
January 20th

You're not logged in!

Compare scores with friends on all Sporcle quizzes.
Sign Up with Email
OR
Log In

You Might Also Like...

Show Comments

Extras

Top Quizzes Today


Score Distribution

Your Account Isn't Verified!

In order to create a playlist on Sporcle, you need to verify the email address you used during registration. Go to your Sporcle Settings to finish the process.